| 000 | 01568cam a22004574a 4500 | ||
|---|---|---|---|
| 001 | muse91957 | ||
| 003 | MdBmJHUP | ||
| 005 | 20210127151822.0 | ||
| 006 | m o d | ||
| 007 | cr||||||||nn|n | ||
| 008 | 820412s1982 miu o 00 0 eng d | ||
| 010 | _z 82004408 | ||
| 020 | _a9780472901791 | ||
| 020 | _z0892649496 : | ||
| 020 | _z9780892649495 | ||
| 035 | _a(OCoLC)1196079433 | ||
| 040 |
_aMdBmJHUP _cMdBmJHUP |
||
| 043 | _aa-cc--- | ||
| 050 | 0 | 4 |
_aAI21 _b.J45 Suppl |
| 082 | 0 |
_a079/.51 _219 |
|
| 100 | 1 |
_aOksenberg, Michel, _d1938- |
|
| 245 | 1 | 0 |
_aResearch Guide to People's Daily Editorials, 1949-1975 _cby Michel Oksenberg and Gail Henderson. |
| 264 | 1 | _bCenter for Chinese Studies, University of Michigan, | |
| 264 | 3 | _bProject MUSE, | |
| 300 | _a1 online resource (xviii, 194 p.) | ||
| 504 | _aIncludes bibliographical references. | ||
| 506 | 0 |
_aOpen Access _fUnrestricted online access _2star |
|
| 588 | _aDescription based on print version record. | ||
| 630 | 0 | 0 |
_aRen min ri bao _vIndexes. |
| 655 | 7 |
_aElectronic books. _2local |
|
| 700 | 1 |
_aHenderson, Gail, _d1949- |
|
| 710 | 2 |
_aUniversity of Michigan. _bCenter for Chinese Studies. |
|
| 730 | 0 | _aRen min ri bao. | |
| 710 | 2 |
_aProject Muse. _edistributor |
|
| 830 | 0 | _aBook collections on Project MUSE. | |
| 856 | 4 | 0 |
_zFull text available: _uhttps://muse.jhu.edu/book/77772/ |
| 999 |
_c27154 _d27154 |
||